Práctica y estilo de celebrar Cortes en el Reino de Aragón, Principado de Cataluña y Reino de Valencia y una noticia de las de Castilla y Navarra / (Record no. 40816)
[ view plain ]
| 000 -LEADER | |
|---|---|
| campo de control de longitud fija | 00981nam a2200217 i 4500 |
| 001 - NÚMERO DE CONTROL | |
| campo de control | 40816 |
| 003 - IDENTIFICADOR DE NÚMERO DE CONTROL | |
| campo de control | ES-MaACL |
| 005 - FECHA Y HORA DE LA ÚLTIMA TRANSACCIÓN | |
| campo de control | 20251011063059.0 |
| 007 - CAMPO FIJO DE DESCRIPCIÓN FÍSICA--INFORMACIÓN GENERAL | |
| campo de control de longitud fija | t| |
| 008 - DATOS DE LONGITUD FIJA--INFORMACIÓN GENERAL | |
| campo de control de longitud fija | 030307s1821 sp ||||1| spa d |
| 100 1# - ENTRADA PRINCIPAL--NOMBRE DE PERSONA | |
| Nombre de persona | Capmany y de Montpalau, Antonio de, |
| Fechas asociadas al nombre | 1742-1813 |
| 9 (RLIN) | 34868 |
| 245 10 - MENCIÓN DEL TÍTULO | |
| Título | Práctica y estilo de celebrar Cortes en el Reino de Aragón, Principado de Cataluña y Reino de Valencia y una noticia de las de Castilla y Navarra / |
| Mención de responsabilidad, etc. | recopilado todo y ordenado por Antonio de Capmany y de Montpalau. |
| 260 ## - PUBLICACIÓN, DISTRIBUCIÓN, ETC. | |
| Lugar de publicación, distribución, etc. | Madrid : |
| Nombre del editor, distribuidor, etc. | [s.n.], |
| Fecha de publicación, distribución, etc. | 1821 ( |
| Fabricante | Imp. de José Collado) |
| 300 ## - DESCRIPCIÓN FÍSICA | |
| Extensión | VII, 356 p. ; |
| Dimensiones | 21 cm. |
| 505 8# - NOTA DE CONTENIDO CON FORMATO | |
| Nota de contenido con formato | Va añadido el reglamento para el Consejo representativo de Ginebra, y los reglamentos que se obserban en la Camara de los Comunes de Inglaterra |
| 651 #4 - PUNTO DE ACCESO ADICIONAL DE MATERIA--NOMBRE GEOGRÁFICO | |
| Nombre geográfico | Aragón (Reino)- |
| Subdivisión general | Historia. |
| 9 (RLIN) | 7791 |
| 651 #4 - PUNTO DE ACCESO ADICIONAL DE MATERIA--NOMBRE GEOGRÁFICO | |
| Nombre geográfico | Cataluña- |
| Subdivisión general | Historia. |
| 9 (RLIN) | 8013 |
| 651 #4 - PUNTO DE ACCESO ADICIONAL DE MATERIA--NOMBRE GEOGRÁFICO | |
| Nombre geográfico | Valencia (Reino)- |
| Subdivisión general | Historia. |
| 9 (RLIN) | 9504 |
| 852 ## - LOCALIZACIÓN | |
| Ubicación | ES-MaACL |
| Número de control de estantería | G-805 |
| Estatus retirado | Estado de pérdida | Estado de daño | No para préstamo | Colección | Biblioteca de origen | Biblioteca actual | Ubicación en estantería | Fecha de adquisición | Fuente de adquisición | Total de préstamos | Signatura topográfica completa | Código de barras | Visto por última vez | Precio de reemplazo | Tipo de ítem Koha |
|---|---|---|---|---|---|---|---|---|---|---|---|---|---|---|---|
| Libros del s. XIX | Biblioteca del Ateneo de Madrid | Biblioteca del Ateneo de Madrid | Depósito 2 | 17/01/2008 | G-805 | 1042966 | 23/02/2023 | 23/02/2023 | Libro impreso antiguo |
